Teaching that makes a difference (Record no. 2853)

MARC details
000 -LEADER
fixed length control field 00590nam a2200217I 4500
001 - CONTROL NUMBER
control field 2852370
003 - CONTROL NUMBER IDENTIFIER
control field OSt
005 - DATE AND TIME OF LATEST TRANSACTION
control field 20181018230740.0
008 - FIXED-LENGTH DATA ELEMENTS--GENERAL INFORMATION
fixed length control field 770331s1950 xx 000 0 eng
010 ## - LIBRARY OF CONGRESS CONTROL NUMBER
LC control number 50009989
040 ## - CATALOGING SOURCE
Original cataloging agency DLC
Transcribing agency DMM
Modifying agency CDC
082 ## - DEWEY DECIMAL CLASSIFICATION NUMBER
Classification number 268.6
Item number C147T
092 ## - LOCALLY ASSIGNED DEWEY CALL NUMBER (OCLC)
Classification number 268.3
Item number C147
100 1# - MAIN ENTRY--PERSONAL NAME
Personal name Caldwell, Irene Catherine Smith,
Dates associated with a name 1919-
245 10 - TITLE STATEMENT
Title Teaching that makes a difference
260 ## - PUBLICATION, DISTRIBUTION, ETC.
Place of publication, distribution, etc. Anderson, Ind.,
Name of publisher, distributor, etc. Warner Press
Date of publication, distribution, etc. [1950]
300 ## - PHYSICAL DESCRIPTION
Extent 111 p.
Dimensions 19 cm
504 ## - BIBLIOGRAPHY, ETC. NOTE
Bibliography, etc. note Includes bibliographies
650 #0 - SUBJECT ADDED ENTRY--TOPICAL TERM
Topical term or geographic name entry element Christian education
General subdivision Teaching methods
942 ## - ADDED ENTRY ELEMENTS (KOHA)
Source of classification or shelving scheme Dewey Decimal Classification
Koha item type Books
Holdings
Withdrawn status Lost status Source of classification or shelving scheme Damaged status Not for loan Collection code Home library Current library Shelving location Date acquired Cost, normal purchase price Total Checkouts Full call number Barcode Date last seen Price effective from Koha item type
    Dewey Decimal Classification     Non-fiction Harvest Mission College Harvest Mission College General Stacks 18.10.2018 160.00   268.6 C147T 001980 18.10.2018 18.10.2018 Books

OPAC Designed and Maintained by HMC Library Team.
Copyright © HMC Library,Greater Noida, UP.
For any Suggestions/Query Contact library via Email:libhmc@gmail.com